000 01263nam a2200325 a 4500
001 MEB023260
003 PILC
005 20150309092751.0
008
020 _a9780323039635
020 _a9789812721013
040 _aUKM
_cUKM
_dBAKER
_dEEM
049 _aEEMR
_aQEMI
050 _aRJ 245
_b.H659 2007
100 1 _aHockenberry, Marilyn J.
245 1 0 _aWong's nursing care of infants and children /
_cMarilyn J. Hockenberry.
246 3 _aNursing care of infants and children.
250 _a8th ed. /
_bMarilyn J. Hockenberry, David Wilson.
260 _aEdinburgh :
_bElsevier Mosby,
_cc2007.
300 _axxxii, 1082 pages :
_bcolored illustrations ;
_c29 cm.
500 _aPrevious ed.: St. Louis, Mo.: London: Mosby, 2003.
500 _aAccompanied by 1 CD-ROM titled: Companion CD, containing interactive applications, NCLEX review questions, video clips, animations, critical thinking questions, case students, and assessment tools.
521 _aNursing
650 0 _aPediatric nursing.
700 1 _aWilson, David,
_d1950 Aug. 25-
700 1 _aWong, Donna L.,
_d1948-
942 _2lcc
_cBK
999 _c283748
_d283748